[Event "Hilton Open 2012"]
[Site "Basel"]
[Date "2012.01.05"]
[Round "7"]
[White "Grandadam, Nicolas"]
[Black "Hess, Christian Mathias"]
[Result "1/2-1/2"]
[WhiteElo "2342"]
[BlackElo "2256"]
[PlyCount "59"]
[EventDate "2012.??.??"]
[EventRounds "7"]
[EventCountry "SUI"]
[SourceDate "2012.01.01"]

1. Nf3 d5 2. d4 Nf6 3. c4 c6 4. Nc3 dxc4 5. a4 Bf5 6. Ne5 Nbd7 7. Nxc4 Nb6 8.
Ne5 a5 9. g3 e6 10. Bg2 Bb4 11. O-O O-O 12. e3 h6 13. Qe2 Bh7 14. Rd1 Nbd7 15.
Nxd7 Qxd7 16. e4 Rfd8 17. Bf4 Qe8 18. Rac1 Rd7 19. Be5 Qd8 20. Rd2 Ne8 21. Rcd1
Qe7 22. Kf1 Nd6 23. d5 exd5 24. exd5 Nc4 25. Qxc4 Qxe5 26. dxc6 Rxd2 27. Rxd2
bxc6 28. Bxc6 Rc8 29. Qd5 Qf6 30. Bb5 1/2-1/2

[Event "Hilton Open 2012"]
[Site "Basel"]
[Date "2012.01.05"]
[Round "7"]
[White "Curien, Nicolas"]
[Black "Milosevic, Goran"]
[Result "1/2-1/2"]
[WhiteElo "2177"]
[BlackElo "2340"]
[PlyCount "81"]
[EventDate "2012.??.??"]
[EventRounds "7"]
[EventCountry "SUI"]
[SourceDate "2012.01.01"]

1. d4 Nf6 2. Nf3 e6 3. Bg5 c5 4. e3 cxd4 5. exd4 Be7 6. Nbd2 b6 7. c3 Bb7 8.
Bxf6 Bxf6 9. Bd3 O-O 10. h4 h6 11. Qe2 g6 12. O-O-O Bg7 13. Kb1 a5 14. Ne5 Ba6
15. Bxa6 Nxa6 16. f4 d6 17. Ng4 Nc7 18. Ne3 b5 19. Nf3 Qf6 20. Rdf1 Nd5 21.
Nxd5 Qf5+ 22. Ka1 Qxd5 23. h5 gxh5 24. f5 b4 25. c4 Qxf5 26. Ne5 Qg5 27. Rxh5
Qxh5 28. Qxh5 dxe5 29. dxe5 a4 30. Qg4 Ra5 31. Re1 a3 32. bxa3 bxa3 33. Re3 Kh8
34. Kb1 Rb8+ 35. Kc2 Rb2+ 36. Kd1 Bxe5 37. Qh5 Rd2+ 38. Kxd2 Bc3+ 39. Rxc3 Rxh5
40. Rxa3 Kg7 41. g3 1/2-1/2

[Event "Hilton Open 2012"]
[Site "Basel"]
[Date "2012.01.05"]
[Round "7"]
[White "Kolbus, Dietmar"]
[Black "Archangelsky, Mikhail"]
[Result "1/2-1/2"]
[WhiteElo "2325"]
[BlackElo "2197"]
[PlyCount "168"]
[EventDate "2012.??.??"]
[EventRounds "7"]
[EventCountry "SUI"]
[SourceDate "2012.01.01"]

1. c4 g6 2. Nc3 Bg7 3. d4 d6 4. e4 Nd7 5. Be3 e5 6. Nge2 Nh6 7. Qd2 Ng4 8. Bg5
f6 9. Bh4 O-O 10. h3 Nh6 11. g4 Nf7 12. Bg3 c6 13. f4 Qe7 14. O-O-O a6 15. Bg2
b5 16. cxb5 axb5 17. b3 Nb6 18. Rde1 b4 19. Nd1 c5 20. dxc5 dxc5 21. Ne3 Qa7
22. Kb1 Be6 23. Nc1 c4 24. f5 c3 25. Qc2 Bd7 26. Rd1 Bc6 27. Nd5 Bxd5 28. exd5
Nd6 29. Bf1 gxf5 30. gxf5 Rfc8 31. Rh2 Rc5 32. Bf2 Ra5 33. Be3 Qc7 34. Rg2 Nxd5
35. Bh6 Ne8 36. Bc4 Rd8 37. Qe4 c2+ 38. Rxc2 Qf7 39. Rg1 Kh8 40. Bxg7+ Nxg7 41.
Rd1 Ne8 42. Rxd5 Raxd5 43. Bxd5 Rxd5 44. Qxb4 Nd6 45. Qb8+ Qg8 46. Qxg8+ Kxg8
47. a4 Nxf5 48. Ra2 Nd4 49. a5 Nb5 50. Kc2 Kf7 51. b4 e4 52. Ne2 e3 53. a6 Rd2+
54. Kb3 Rxa2 55. Kxa2 Ke6 56. Kb3 Kd6 57. Kc4 Kc6 58. Kd3 Kb6 59. Kxe3 Kxa6 60.
Ke4 Nc7 61. Nc3 Nb5 62. Ne2 Nc7 63. Nd4 Nb5 64. Nc2 Nc7 65. Nd4 Nb5 66. Nf5 Nc7
67. Nd6 Kb6 68. Kf5 Kc6 69. Ne4 Nd5 70. Nxf6 Nxb4 71. Ke6 h6 72. h4 Nd3 73. Kf5
Kd6 74. h5 Ke7 75. Ng8+ Kf7 76. Nxh6+ Kg7 77. Ng4 Nc5 78. h6+ Kh8 79. Nf6 Ne6
80. Kg6 Nf8+ 81. Kf7 Nh7 82. Ne8 Nf8 83. Kxf8 Kh7 84. Ng7 Kxh6 1/2-1/2

[Event "Hilton Open 2012"]
[Site "Basel"]
[Date "2012.01.05"]
[Round "7"]
[White "Lutz, Bernhard"]
[Black "Kelecevic, Nedeljko"]
[Result "1-0"]
[WhiteElo "2321"]
[BlackElo "2245"]
[PlyCount "123"]
[EventDate "2012.??.??"]
[EventRounds "7"]
[EventCountry "SUI"]
[SourceDate "2012.01.01"]

1. d4 e6 2. c4 Nf6 3. Nf3 d5 4. Nc3 Nbd7 5. cxd5 exd5 6. Bg5 Be7 7. e3 c6 8.
Qc2 O-O 9. Bd3 Re8 10. O-O Nf8 11. h3 Be6 12. Rab1 g6 13. b4 N8d7 14. Na4 Ne4
15. Bf4 Bd6 16. Bxd6 Nxd6 17. Nc5 Qf6 18. Nxe6 fxe6 19. b5 c5 20. dxc5 Rac8 21.
c6 Nb6 22. Qc5 e5 23. Be2 bxc6 24. bxc6 Ndc4 25. Bxc4 dxc4 26. Qa5 Rxc6 27. Rb5
c3 28. Rxe5 Rec8 29. Nd4 R6c7 30. Rc1 Kh8 31. Re6 Qf7 32. Rc2 Rc5 33. Qa3 Qb7
34. Qb3 Rg5 35. f4 Rgc5 36. Kf2 Qd7 37. Re5 Nd5 38. Ne2 Rc4 39. Kg3 g5 40. Rxg5
Nxe3 41. Rxc3 Rxc3 42. Nxc3 h6 43. Re5 Qg7+ 44. Kf3 Nxg2 45. Ne2 Nh4+ 46. Ke3
Rd8 47. Qe6 a6 48. Rd5 Rf8 49. Rd7 Qf6 50. Qxf6+ Rxf6 51. Kf2 Ng6 52. Kg3 Re6
53. Nd4 Re3+ 54. Kg4 h5+ 55. Kf5 Nf8 56. Ra7 Rxh3 57. Kf6 Rg3 58. f5 Nh7+ 59.
Ke6 Ng5+ 60. Ke7 h4 61. Rxa6 Kh7 62. Ne6 1-0

[Event "Hilton Open 2012"]
[Site "Basel"]
[Date "2012.01.05"]
[Round "7"]
[White "Borda, Alan"]
[Black "Lekic, Dusan"]
[Result "0-1"]
[WhiteElo "2157"]
[BlackElo "2402"]
[PlyCount "88"]
[EventDate "2012.??.??"]
[EventRounds "7"]
[EventCountry "SUI"]
[SourceDate "2012.01.01"]

1. d4 d5 2. Nf3 Nf6 3. Bf4 c5 4. e3 Nc6 5. c3 Qb6 6. Qc1 Bf5 7. Ne5 e6 8. Nd2
Rc8 9. Nxc6 bxc6 10. Be2 cxd4 11. exd4 c5 12. dxc5 Bxc5 13. O-O O-O 14. Nb3 Bd6
15. Qe3 Bxf4 16. Qxf4 Bc2 17. Bd1 Rc4 18. Qd2 Bg6 19. Bf3 Rb8 20. Rfe1 a5 21.
Re2 a4 22. Nd4 Qc7 23. Qe1 a3 24. bxa3 Rxc3 25. a4 Rc4 26. Rd2 Rxa4 27. Bd1 Rc4
28. Bb3 Rc3 29. Rdd1 Qc5 30. Ne2 Rd3 31. Rac1 Rxd1 32. Qxd1 Qd6 33. Qd2 h6 34.
Qd4 e5 35. Qa7 d4 36. Rc7 Rxb3 37. axb3 d3 38. Rc8+ Kh7 39. Qa8 Be4 40. Rh8+
Kg6 41. Nf4+ exf4 42. Rd8 Qb6 43. Qc8 Bf5 44. Qa8 Ne4 0-1

[Event "Hilton Open 2012"]
[Site "Basel"]
[Date "2012.01.05"]
[Round "7"]
[White "Schmidt, Ralf"]
[Black "Alfred, Nathan"]
[Result "0-1"]
[WhiteElo "2156"]
[BlackElo "2288"]
[PlyCount "50"]
[EventDate "2012.??.??"]
[EventRounds "7"]
[EventCountry "SUI"]
[SourceDate "2012.01.01"]

1. d4 Nf6 2. c4 c5 3. e3 g6 4. Nf3 Bg7 5. Nc3 O-O 6. Be2 Na6 7. O-O d6 8. a3
Bf5 9. Nh4 Bd7 10. Rb1 Rb8 11. b4 b6 12. Nb5 cxd4 13. Nxa7 Ne4 14. Bb2 Nc3 15.
Bxc3 dxc3 16. Nb5 Bxb5 17. cxb5 Nc7 18. Qb3 Rc8 19. Rbc1 e5 20. Nf3 e4 21. Ne1
Qg5 22. a4 d5 23. Nc2 Ne6 24. f3 d4 25. exd4 Nf4 0-1

[Event "Hilton Open 2012"]
[Site "Basel"]
[Date "2012.01.05"]
[Round "7"]
[White "Seitz, Benjamin"]
[Black "Ghader Pour, Shayesteh"]
[Result "1/2-1/2"]
[WhiteElo "2128"]
[BlackElo "2242"]
[PlyCount "117"]
[EventDate "2012.??.??"]
[EventRounds "7"]
[EventCountry "SUI"]
[SourceDate "2012.01.01"]

1. d4 Nf6 2. c4 e6 3. Nc3 Bb4 4. e3 c5 5. Bd3 O-O 6. Nf3 d5 7. O-O dxc4 8. Bxc4
cxd4 9. exd4 Nbd7 10. Qe2 Qc7 11. Bd2 a6 12. a3 Bxc3 13. bxc3 b5 14. Bd3 Nb6
15. Ne5 Nfd7 16. f4 f5 17. Rfe1 Nxe5 18. Qxe5 Qxe5 19. Rxe5 Bd7 20. Rc1 Rac8
21. Rc5 Na4 22. Rxc8 Rxc8 23. c4 Nb2 24. Be2 Nxc4 25. Bxc4 bxc4 26. Bc3 Ba4 27.
Rb1 Bb3 28. Re1 Kf7 29. Re5 g6 30. Rc5 Rxc5 31. dxc5 Ba4 32. h4 Bc6 33. Be5 Ke7
34. Kf2 Bd5 35. g3 Kd7 36. Ke3 Kc6 37. Kd4 Kb5 38. c6 Bxc6 39. Bd6 Bg2 40. Bb4
Bd5 41. Bd6 Kc6 42. Bb4 Kb6 43. Bd6 Kb5 44. Bb4 Be4 45. Bd6 Bc2 46. Bb4 Bb1 47.
Be7 Ba2 48. Bb4 Bb1 49. Be7 a5 50. Kc3 Bd3 51. Kd4 Bf1 52. Kc3 Kc6 53. Kd4 e5+
54. fxe5 Kd7 55. Bg5 Ke6 56. Bd2 a4 57. Bf4 Be2 58. Bd2 Bf1 59. Bf4 1/2-1/2

[Event "Hilton Open 2012"]
[Site "Basel"]
[Date "2012.01.05"]
[Round "7"]
[White "Stankovic, Zeljko"]
[Black "Dunn, Alan"]
[Result "1-0"]
[WhiteElo "2200"]
[BlackElo "2135"]
[PlyCount "97"]
[EventDate "2012.??.??"]
[EventRounds "7"]
[EventCountry "SUI"]
[SourceDate "2012.01.01"]

1. d4 Nf6 2. c4 g6 3. Nc3 Bg7 4. e4 d6 5. h3 O-O 6. Bg5 h6 7. Be3 Nc6 8. Qd2
Kh7 9. Nge2 e5 10. d5 Ne7 11. g4 Ne8 12. Ng3 f5 13. gxf5 gxf5 14. exf5 Nxf5 15.
Bd3 Qe7 16. O-O-O Rf7 17. Rhg1 Bf8 18. Qe2 Kh8 19. Nxf5 Bxf5 20. Bxf5 Rxf5 21.
Rg4 Nf6 22. Rg6 Qh7 23. Rdg1 Re8 24. Qd3 Rf3 25. Qe2 Rf5 26. Qc2 Rf3 27. Qd2 h5
28. Bh6 Ng4 29. R1xg4 hxg4 30. Qg5 Be7 31. Bg7+ Qxg7 32. Qh5+ Qh7 33. Rh6 Qxh6+
34. Qxh6+ Kg8 35. Qg6+ Kf8 36. Qh6+ Kg8 37. Qg6+ Kf8 38. hxg4 Rxf2 39. Qh6+ Kg8
40. Qg6+ Kf8 41. Qh6+ Kg8 42. g5 Rg2 43. Qg6+ Kf8 44. Qh6+ Kg8 45. Qg6+ Kf8 46.
Ne4 Bd8 47. Qh6+ Kf7 48. Qh7+ Kf8 49. g6 1-0

[Event "Hilton Open 2012"]
[Site "Basel"]
[Date "2012.01.05"]
[Round "7"]
[White "Braeunlin, Klaus"]
[Black "Staechelin, Ruedi"]
[Result "0-1"]
[WhiteElo "2155"]
[BlackElo "2079"]
[PlyCount "76"]
[EventDate "2012.??.??"]
[EventRounds "7"]
[EventCountry "SUI"]
[SourceDate "2012.01.01"]

1. e4 d6 2. f4 c6 3. Nf3 d5 4. Nc3 dxe4 5. Nxe4 Nf6 6. Qe2 Nxe4 7. Qxe4 Qd5 8.
Qxd5 cxd5 9. d4 Bf5 10. c4 e6 11. c5 f6 12. Bd2 Kf7 13. Be2 Be7 14. O-O Nc6 15.
Bc3 Rhc8 16. Rae1 Bd8 17. g4 Be4 18. f5 exf5 19. gxf5 Ne7 20. Nh4 g5 21. fxg6+
hxg6 22. Bc4 Kg7 23. Rxe4 dxe4 24. d5 Rxc5 25. Bxf6+ Kh6 26. Bb3 Nxd5 27. Bd4
Ra5 28. Nf5+ gxf5 29. Rxf5 Ne7 30. Rf6+ Ng6 31. Be3+ Rg5+ 32. Bxg5+ Kxg5 33.
Re6 Bb6+ 34. Kf1 Rf8+ 35. Ke1 Ba5+ 36. Kd1 Rd8+ 37. Kc1 Bd2+ 38. Kc2 e3 0-1

[Event "Hilton Open 2012"]
[Site "Basel"]
[Date "2012.01.05"]
[Round "7"]
[White "Graeber, Fabien"]
[Black "Heinis, Vincent"]
[Result "1/2-1/2"]
[WhiteElo "2074"]
[BlackElo "2146"]
[PlyCount "100"]
[EventDate "2012.??.??"]
[EventRounds "7"]
[EventCountry "SUI"]
[SourceDate "2012.01.01"]

1. c4 e6 2. Nc3 d5 3. d4 Nf6 4. cxd5 exd5 5. Bg5 Be7 6. e3 c6 7. Qc2 O-O 8. Bd3
Nbd7 9. Nge2 Re8 10. O-O Nf8 11. Rab1 Nh5 12. Bxe7 Qxe7 13. b4 Qg5 14. b5 Ng6
15. bxc6 bxc6 16. Na4 Nh4 17. Ng3 Re6 18. f4 Qh6 19. Qe2 Nf6 20. Nc5 Re7 21.
Ba6 Nf5 22. Bxc8 Nxg3 23. hxg3 Rxc8 24. g4 Qh4 25. Rf3 Qxg4 26. Qa6 h5 27. Nd3
Qf5 28. Rc1 Ng4 29. Ne5 Rce8 30. Qxc6 Qe4 31. Re1 Rb8 32. Nd7 Rb2 33. Qc8+ Re8
34. Qc3 Rc2 35. Qb3 Rc6 36. Nc5 Rb6 37. Qxb6 Qxf3 38. gxf3 axb6 39. fxg4 bxc5
40. dxc5 Rc8 41. Rc1 hxg4 42. Kf2 f5 43. Ke2 Kf7 44. Kd3 Ke6 45. Kd4 Ra8 46. c6
Kd6 47. c7 Rc8 48. Rc5 Rxc7 49. Rxd5+ Ke6 50. e4 fxe4 1/2-1/2

[Event "Hilton Open 2012"]
[Site "Basel"]
[Date "2012.01.05"]
[Round "7"]
[White "Roesch, Mario"]
[Black "Terraz, Christian"]
[Result "1/2-1/2"]
[WhiteElo "1975"]
[BlackElo "2130"]
[PlyCount "109"]
[EventDate "2012.??.??"]
[EventRounds "7"]
[EventCountry "SUI"]
[SourceDate "2012.01.01"]

1. e4 e5 2. Nf3 Nc6 3. Bc4 Nf6 4. d3 Bc5 5. c3 O-O 6. O-O d6 7. Bb3 Bb6 8. h3
Ne7 9. Nbd2 c6 10. Re1 Ng6 11. Nh2 Be6 12. Bc2 Qd7 13. Ndf1 h6 14. Qf3 Nh7 15.
Be3 f5 16. Bxb6 axb6 17. Qe3 f4 18. Qf3 Ng5 19. Qh5 f3 20. Qxg6 fxg2 21. Kxg2
Nxh3 22. Qg3 Rxf2+ 23. Qxf2 Nxf2 24. Kxf2 Qf7+ 25. Ke2 Qh5+ 26. Kd2 Rf8 27. Re2
d5 28. Bb3 Kh8 29. Rae1 Bh3 30. exd5 Qg5+ 31. Kd1 Re8 32. dxc6 bxc6 33. Re3 Be6
34. Bxe6 Rxe6 35. Nf3 Qf4 36. N1d2 Qa4+ 37. Nb3 Qxa2 38. Kc2 Qa8 39. Nxe5 Kh7
40. Nd4 Rf6 41. Nexc6 Rf2+ 42. Kb1 Qf8 43. Re7 Rf1 44. Rxf1 Qxf1+ 45. Kc2 h5
46. Ne5 h4 47. Nef3 h3 48. Re2 Kg6 49. Re6+ Kh5 50. Re5+ Kh6 51. Re1 Qg2+ 52.
Re2 Qf1 53. Re1 Qg2+ 54. Re2 Qf1 55. Re1 1/2-1/2

[Event "Hilton Open 2012"]
[Site "Basel"]
[Date "2012.01.05"]
[Round "7"]
[White "Suter, Stephan"]
[Black "Arounopoulos, Stephan"]
[Result "0-1"]
[WhiteElo "2032"]
[BlackElo "2116"]
[PlyCount "110"]
[EventDate "2012.??.??"]
[EventRounds "7"]
[EventCountry "SUI"]
[SourceDate "2012.01.01"]

1. Nf3 Nf6 2. c4 g6 3. Nc3 Bg7 4. e4 d6 5. d4 O-O 6. Be2 e5 7. O-O Nc6 8. d5
Ne7 9. b4 Ne8 10. c5 h6 11. Nd2 f5 12. f3 h5 13. Nc4 f4 14. a4 g5 15. Ba3 Rf7
16. a5 Bf8 17. b5 Ng6 18. b6 g4 19. bxc7 Qh4 20. fxg4 hxg4 21. Nd2 Rh7 22. Nf3
gxf3 23. Bxf3 Qxh2+ 24. Kf2 Qg3+ 25. Ke2 Bg4 26. Kd2 Bxf3 27. Qxf3 Qxf3 28.
gxf3 Rxc7 29. Nb5 Rcc8 30. cxd6 Rd8 31. Rg1 Kf7 32. Rac1 Bxd6 33. Bxd6 Nxd6 34.
Rc7+ Kf6 35. Nxd6 Rxd6 36. Rxb7 Nh4 37. Ke2 Ra6 38. Rgg7 Rf8 39. Rge7 Rg8 40.
Rf7+ Kg6 41. Rxa7 Rxa5 42. Rxa5 Kxf7 43. Ra7+ Kf6 44. Ra6+ Kg5 45. Re6 Ng6 46.
d6 Kh6 47. Kd3 Kg7 48. Kc4 Kf7 49. Kd5 Rd8 50. Rxg6 Kxg6 51. Kxe5 Kf7 52. Kd5
Ra8 53. e5 Ra5+ 54. Ke4 Ke6 55. Kxf4 Rxe5 0-1

[Event "Hilton Open 2012"]
[Site "Basel"]
[Date "2012.01.05"]
[Round "7"]
[White "Gass, Ulrich"]
[Black "Deubelbeiss, Rene"]
[Result "1-0"]
[WhiteElo "2101"]
[BlackElo "2007"]
[PlyCount "137"]
[EventDate "2012.??.??"]
[EventRounds "7"]
[EventCountry "SUI"]
[SourceDate "2012.01.01"]

1. e4 d6 2. d4 Nf6 3. Nc3 g6 4. Bg5 Bg7 5. Qd2 c6 6. O-O-O h6 7. Be3 b5 8. f3
Qa5 9. Kb1 b4 10. Nce2 Be6 11. Nc1 Nbd7 12. Nge2 Qc7 13. Nf4 Nb6 14. Nxe6 fxe6
15. Ba6 Rb8 16. b3 Nfd7 17. Ne2 e5 18. dxe5 Nc5 19. exd6 exd6 20. Bxc5 dxc5 21.
Qd6 Qxd6 22. Rxd6 Rd8 23. Rhd1 Rxd6 24. Rxd6 Ke7 25. Rxg6 Bf6 26. f4 Kf7 27.
Rg3 h5 28. e5 Bh4 29. Rd3 Bf2 30. Rf3 Be1 31. f5 Rd8 32. Kc1 h4 33. Rd3 Rg8 34.
Kd1 Bf2 35. g3 h3 36. Rf3 Rd8+ 37. Kc1 Be1 38. g4 Bd2+ 39. Kb2 Rg8 40. Bc4+
Nxc4+ 41. bxc4 Rxg4 42. Rd3 Be1 43. Rxh3 Re4 44. e6+ Kf6 45. Ng3 Bxg3 46. hxg3
Kxf5 47. Rh5+ Kxe6 48. Rxc5 Kd6 49. Ra5 Rxc4 50. Rxa7 Rg4 51. a3 c5 52. axb4
cxb4 53. Kb3 Kc5 54. Rc7+ Kb6 55. Rc4 Rxg3+ 56. Kxb4 Rg1 57. Rh4 Rb1+ 58. Kc4
Rg1 59. Rh6+ Kc7 60. c3 Rg4+ 61. Kb5 Rg5+ 62. Kb4 Rg1 63. c4 Rg2 64. Kb5 Rg5+
65. c5 Rg1 66. Rh7+ Kc8 67. Kb6 Rg6+ 68. c6 Rg8 69. Ra7 1-0

[Event "Hilton Open 2012"]
[Site "Basel"]
[Date "2012.01.05"]
[Round "7"]
[White "Bender, Dirk"]
[Black "Klamp, Christoph"]
[Result "1/2-1/2"]
[WhiteElo "2069"]
[BlackElo "2106"]
[PlyCount "24"]
[EventDate "2012.??.??"]
[EventRounds "7"]
[EventCountry "SUI"]
[SourceDate "2012.01.01"]

1. c4 f5 2. g3 Nf6 3. Bg2 g6 4. Nc3 Bg7 5. e3 O-O 6. Nge2 d6 7. O-O a5 8. d3 e5
9. Rb1 c6 10. a3 Be6 11. b4 axb4 12. axb4 Nbd7 1/2-1/2

[Event "Hilton Open 2012"]
[Site "Basel"]
[Date "2012.01.05"]
[Round "7"]
[White "Eidinger, Helmut"]
[Black "Goettelmann, Guillaume"]
[Result "1-0"]
[WhiteElo "2104"]
[BlackElo "1991"]
[PlyCount "45"]
[EventDate "2012.??.??"]
[EventRounds "7"]
[EventCountry "SUI"]
[SourceDate "2012.01.01"]

1. e4 e5 2. Nf3 Nc6 3. Bb5 a6 4. Bxc6 dxc6 5. O-O Qd6 6. Na3 b5 7. c3 c5 8. Nc2
Bb7 9. d4 cxd4 10. cxd4 exd4 11. Ncxd4 g6 12. Qe2 c5 13. Nb3 Qc7 14. Be3 Nf6
15. Nxc5 Bxc5 16. Rac1 Nd7 17. b4 O-O 18. bxc5 Bxe4 19. Bh6 Rfe8 20. Qb2 f6 21.
Qb3+ Kh8 22. Qf7 Rg8 23. Rfe1 1-0

[Event "Hilton Open 2012"]
[Site "Basel"]
[Date "2012.01.05"]
[Round "7"]
[White "Toth, Ilona"]
[Black "Moser, Guido"]
[Result "0-1"]
[WhiteElo "2146"]
[BlackElo "1994"]
[PlyCount "50"]
[EventDate "2012.??.??"]
[EventRounds "7"]
[EventCountry "SUI"]
[SourceDate "2012.01.01"]

1. e4 c5 2. Nf3 Nc6 3. Nc3 g6 4. d4 cxd4 5. Nxd4 Bg7 6. Be3 Nf6 7. Bc4 Qa5 8.
f3 Qb4 9. Bb3 Nxe4 10. fxe4 Nxd4 11. a3 Qc5 12. Qd3 Qe5 13. Nd5 Nxb3 14. cxb3
O-O 15. Bf4 Qxb2 16. Rb1 Qxg2 17. Nxe7+ Kh8 18. Rf1 d5 19. Nxd5 Re8 20. Be3 Bg4
21. Rf4 Rad8 22. Bd4 Rxd5 23. Bxg7+ Kxg7 24. Rxg4 Qh1+ 25. Kf2 Qxh2+ 0-1

[Event "Hilton Open 2012"]
[Site "Basel"]
[Date "2012.01.05"]
[Round "7"]
[White "Ditzler, Juerg"]
[Black "Benoughidene, Ouaheb"]
[Result "1-0"]
[WhiteElo "2061"]
[BlackElo "1824"]
[PlyCount "47"]
[EventDate "2012.??.??"]
[EventRounds "7"]
[EventCountry "SUI"]
[SourceDate "2012.01.01"]

1. Nf3 d5 2. d4 Nf6 3. c4 e6 4. g3 Be7 5. Bg2 O-O 6. O-O Nc6 7. e3 Rb8 8. Nbd2
Nb4 9. Qb3 dxc4 10. Nxc4 b5 11. Nce5 Nd7 12. Bd2 Nxe5 13. Nxe5 f6 14. Bxb4 fxe5
15. Bxe7 Qxe7 16. dxe5 c5 17. Rfd1 c4 18. Qc3 Ba6 19. Rd6 b4 20. Qd4 Bb5 21.
Rxe6 Qf7 22. Bd5 Rbd8 23. Rd6 Qxd5 24. Qxd5+ 1-0

[Event "Hilton Open 2012"]
[Site "Basel"]
[Date "2012.01.05"]
[Round "7"]
[White "Moos, Gerd"]
[Black "Sevenyuk, Alexey"]
[Result "1/2-1/2"]
[WhiteElo "2016"]
[BlackElo "1916"]
[PlyCount "56"]
[EventDate "2012.??.??"]
[EventRounds "7"]
[EventCountry "SUI"]
[SourceDate "2012.01.01"]

1. e4 c5 2. c3 Nf6 3. e5 Nd5 4. d4 cxd4 5. cxd4 b6 6. Nf3 Bb7 7. Nc3 g6 8. Bc4
Nxc3 9. bxc3 d5 10. exd6 Qxd6 11. Qb3 e6 12. Be2 Nc6 13. O-O Na5 14. Qd1 Qc7
15. Bd2 Bg7 16. c4 O-O 17. Rc1 Rad8 18. Bxa5 Bxf3 19. Bxf3 Rxd4 20. Qc2 bxa5
21. c5 Rfd8 22. Rfd1 e5 23. Rxd4 exd4 24. Qd3 Rb8 25. c6 Be5 26. g3 Rb2 27. Rb1
Rxb1+ 28. Qxb1 h5 1/2-1/2

[Event "Hilton Open 2012"]
[Site "Basel"]
[Date "2012.01.05"]
[Round "7"]
[White "Thomasson, Staffan"]
[Black "Spiess, Thomas"]
[Result "0-1"]
[WhiteElo "1988"]
[BlackElo "2002"]
[PlyCount "150"]
[EventDate "2012.??.??"]
[EventRounds "7"]
[EventCountry "SUI"]
[SourceDate "2012.01.01"]

1. c4 e6 2. g3 d5 3. Bg2 dxc4 4. Qa4+ c6 5. Qxc4 b5 6. Qc2 Bb7 7. Nc3 Qb6 8.
Nf3 Nf6 9. O-O Be7 10. d3 c5 11. Bd2 Nc6 12. Rfc1 O-O 13. a4 a6 14. axb5 axb5
15. Qb3 b4 16. Na4 Qb5 17. Qd1 Nd7 18. Be3 Na5 19. Nd2 Bd5 20. Nc4 Rfc8 21. b3
Ra6 22. Ra2 Rca8 23. Bf4 Nxb3 24. Qxb3 Rxa4 25. Rxa4 Qxa4 26. Qxa4 Rxa4 27. e4
Bxc4 28. dxc4 Bf6 29. Bf3 Bd4 30. Bd1 Ra2 31. Bc2 e5 32. Be3 Ra3 33. Bd2 Nb6
34. Bd1 Ra2 35. Bxb4 Nxc4 36. Rxc4 Ra1 37. Bxc5 Rxd1+ 38. Kg2 g6 39. Bb4 h5 40.
h4 Rb1 41. Rc8+ Kg7 42. Bf8+ Kh7 43. Rc7 Kg8 44. Be7 Rb2 45. Rc6 Rxf2+ 46. Kh3
Kg7 47. Bg5 f6 48. Rc7+ Kg8 49. Rc8+ Kf7 50. Rc7+ Ke8 51. Bh6 f5 52. exf5 gxf5
53. Bg5 Ra2 54. Rc1 Kd7 55. Rd1 Ke6 56. Bh6 Kd5 57. Bg7 Re2 58. Bf6 Ke4 59. Rf1
Ra2 60. Re1+ Kd5 61. Rd1 Ke4 62. Re1+ Kd5 63. Rd1 Ra3 64. Kg2 Ke4 65. Re1+ Be3
66. Bg5 Ra2+ 67. Kh3 f4 68. g4 hxg4+ 69. Kxg4 Rg2+ 70. Kh3 Kf3 71. Bf6 e4 72.
h5 Rg3+ 73. Kh2 Bf2 74. h6 Rg6 75. Bg7 Rg5 0-1

[Event "Hilton Open 2012"]
[Site "Basel"]
[Date "2012.01.05"]
[Round "7"]
[White "Sperzel, Bernd"]
[Black "Sand, Rolf"]
[Result "1/2-1/2"]
[WhiteElo "1983"]
[BlackElo "2000"]
[PlyCount "55"]
[EventDate "2012.??.??"]
[EventRounds "7"]
[EventCountry "SUI"]
[SourceDate "2012.01.01"]

1. d4 Nf6 2. Bg5 Ne4 3. h4 d5 4. Nf3 c5 5. c3 cxd4 6. Nxd4 Nc6 7. Nd2 Nxg5 8.
Nxc6 bxc6 9. hxg5 e5 10. g6 fxg6 11. e4 Bc5 12. Qf3 Rf8 13. Qd3 Bxf2+ 14. Kd1
Bg4+ 15. Be2 Bxe2+ 16. Qxe2 dxe4 17. Qxe4 Qd5 18. Rxh7 O-O-O 19. Qxd5 Rxd5 20.
Kc2 Be3 21. Nc4 Bh6 22. g4 e4 23. Re1 e3 24. Kb3 Rb5+ 25. Ka3 Rd5 26. g5 Rxg5
27. Rxe3 Rd5 28. Re6 1/2-1/2

[Event "Hilton Open 2013"]
[Site "Basel"]
[Date "2013.01.01"]
[Round "1.1"]
[White "Vachier Lagrave, Maxime"]
[Black "Duessel, Udo"]
[Result "1-0"]
[WhiteElo "2711"]
[BlackElo "2228"]
[PlyCount "79"]
[EventDate "2013.01.??"]
[EventType "swiss"]
[EventRounds "7"]
[EventCountry "SUI"]
[SourceDate "2013.01.01"]

1. e4 e5 2. Nf3 Nc6 3. Bb5 a6 4. Ba4 Nf6 5. O-O Be7 6. Re1 b5 7. Bb3 d6 8. c3
O-O 9. h3 Bb7 10. d4 Re8 11. Nbd2 Bf8 12. a3 Na5 13. Bc2 c5 14. b4 exd4 15.
cxd4 cxb4 16. axb4 Nc4 17. Nxc4 bxc4 18. d5 g6 19. Bb2 Bg7 20. Qd2 Rc8 21. Ra3
Nd7 22. Bxg7 Kxg7 23. Ba4 Re7 24. Bxd7 Rxd7 25. Nd4 Kg8 26. f4 Qb6 27. Kh2 Rdc7
28. Rc3 Qxb4 29. f5 f6 30. Ne6 Re7 31. fxg6 hxg6 32. Rf1 Rxe6 33. dxe6 Bxe4 34.
Qd4 d5 35. Rg3 Rf8 36. Rxf6 Rxf6 37. Qxf6 Qf8 38. Qe5 Qe7 39. Ra3 Qxa3 40. e7
1-0

[Event "Hilton Open 2013"]
[Site "Basel"]
[Date "2013.01.01"]
[Round "1.2"]
[White "Nuri, Kambez"]
[Black "Grachev, Boris"]
[Result "0-1"]
[WhiteElo "2241"]
[BlackElo "2688"]
[PlyCount "94"]
[EventDate "2013.01.??"]
[EventType "swiss"]
[EventRounds "7"]
[EventCountry "SUI"]
[SourceDate "2013.01.01"]

1. e4 c5 2. Nf3 e6 3. d4 cxd4 4. Nxd4 Nc6 5. Nc3 Qc7 6. Be2 Nf6 7. O-O Be7 8.
Be3 O-O 9. f4 d6 10. Kh1 Nxd4 11. Bxd4 e5 12. Be3 b6 13. Rf2 Bb7 14. Bf3 a6 15.
a4 Bc6 16. Rd2 b5 17. a5 Qb7 18. fxe5 dxe5 19. Bg5 Ne8 20. Bxe7 Qxe7 21. Nd5
Bxd5 22. Rxd5 Nf6 23. Rd3 Rfd8 24. Raa3 g6 25. Rac3 Kg7 26. h3 Rxd3 27. cxd3
Qb4 28. Qc1 Qxa5 29. d4 Re8 30. d5 Qb4 31. Qc2 h5 32. Rc6 Rh8 33. Rxa6 Qe1+ 34.
Kh2 Ng4+ 35. Bxg4 hxg4 36. Ra3 Qf1 37. Qd2 Qf4+ 38. Qxf4 exf4 39. Kg1 gxh3 40.
Rxh3 Re8 41. Rb3 Rxe4 42. Rxb5 Rd4 43. Kf2 g5 44. Kf3 Kf6 45. Kg4 Kg6 46. Kf3
f6 47. b4 Kf5 0-1

[Event "Hilton Open 2013"]
[Site "Basel"]
[Date "2013.01.01"]
[Round "1.3"]
[White "Edouard, Romain"]
[Black "Stankovic, Zeljko"]
[Result "1/2-1/2"]
[WhiteElo "2686"]
[BlackElo "2212"]
[PlyCount "121"]
[EventDate "2013.01.??"]
[EventType "swiss"]
[EventRounds "7"]
[EventCountry "SUI"]
[SourceDate "2013.01.01"]

1. e4 c5 2. Nf3 e6 3. d4 cxd4 4. Nxd4 Nc6 5. Nc3 Qc7 6. Be3 a6 7. Qd2 Nf6 8.
O-O-O Be7 9. f3 O-O 10. g4 b5 11. g5 Nh5 12. Nce2 Rd8 13. Ng3 Nxd4 14. Qxd4 Nf4
15. Rg1 Bb7 16. Qd2 e5 17. Bxf4 exf4 18. Nf5 d5 19. e5 Bc5 20. Rg4 Qxe5 21.
Qxf4 Qxf4+ 22. Rxf4 Re8 23. b4 Bf2 24. Kb2 Bc6 25. Rg4 Kf8 26. Nd4 Bd7 27. Rg2
Re1 28. Rxe1 Bxe1 29. a3 Rc8 30. Nb3 Bc3+ 31. Ka2 d4 32. Nc5 Bc6 33. Rf2 Bd5+
34. Kb1 Rc6 35. Bd3 h6 36. Re2 Rd6 37. gxh6 gxh6 38. Be4 Bxe4 39. Nxe4 Rc6 40.
Ka2 Kg7 41. Rg2+ Kf8 42. Rg4 Bd2 43. Nc5 Bc3 44. Rf4 Rg6 45. Kb3 Ke7 46. Ne4
Rc6 47. Rf5 Be1 48. Rd5 Bc3 49. Re5+ Kd7 50. Rc5 Rg6 51. Nxc3 dxc3 52. Kxc3 Rf6
53. Rd5+ Ke6 54. Rd3 Rf4 55. Kb3 Rh4 56. Rd2 Rh3 57. Rf2 Kd5 58. c3 f5 59. Kc2
Ke5 60. Kd3 Kf4 61. a4 1/2-1/2